|
|
|
|
| LEADER |
00000nab a2200000 ar4500 |
| 001 |
vtls010184246 |
| 003 |
SK-MaSNL |
| 005 |
20260303093710.0 |
| 008 |
101028c2010 xo ||||||||||||00 b|slo |
| 015 |
|
|
|a SNBRB2010/10
|2 snkbucl
|
| 038 |
|
|
|a SNKBUCL
|
| 040 |
|
|
|a SNKBUCL
|b slo
|c SNKBUCL
|e AACR2
|
| 041 |
0 |
|
|a slo
|
| 044 |
|
|
|a xo
|c SK
|
| 080 |
|
|
|a 799.2
|x (437.6)
|2 2001
|
| 080 |
|
|
|a 639.1.081.3
|2 2001
|
| 100 |
1 |
|
|a Dudová, Sandra
|4 aut
|9 1035786
|
| 245 |
1 |
0 |
|a Jesenné skúšky v Těšanoch
|c Sandra Dudová
|
| 300 |
|
|
|b Fotogr.
|
| 650 |
0 |
7 |
|a poľovníctvo
|2 snkbucl
|9 2774
|
| 650 |
0 |
7 |
|a lov zveri
|2 snkbucl
|9 2772
|
| 773 |
0 |
|
|t Životný štýl a kôň
|g Roč. IV, č. 10 (2010), s. 44-47
|x 1337-1037
|
| 852 |
|
|
|a SNK
|b KIS3GCP
|
| 999 |
|
|
|c 1816767
|d 1818697
|